| 000 | 00717cam a2200241u 4500 | ||
|---|---|---|---|
| 001 | 18129 | ||
| 003 | BD-RjUL | ||
| 005 | 20211209000236.0 | ||
| 008 | 140219s1966 enk 000 0aeng d | ||
| 035 | _a(BD-RjUL)18187 | ||
| 040 |
_aDLC _cCarP _dDLC _dBD-RjUL _beng |
||
| 041 | _aeng | ||
| 082 | 0 | 0 |
_a821.7 _bHOK 1966 |
| 100 | 1 |
_aHowlings, Norman, _d1795-1821. _955856 |
|
| 245 | 1 | 2 |
_aA Keats selection: _bedited with an introduction and notes / _c Norman, Howlings |
| 260 |
_bMacmillan : _aSt Martins Press, _bSt. Martin's P.; _c1966. |
||
| 300 |
_axxxii, 268 p. ; _c20 cm. |
||
| 600 | 0 |
_d _955866 |
|
| 650 |
_aA Keats selection: _955858 |
||
| 942 |
_2ddc _cBK |
||
| 999 |
_c18129 _d18129 |
||